000 00840cab a2200301 4500
001 ABS50555
008 090401t1994 xxu||||| |||| 00| 0 eng d
035 _a(Sirsi) u76450
041 _aeng
100 _aGardner, K.
245 _aSustainable transport: capital strategies
260 _c1994
350 _a0
490 _aSurveyor
_v181(5287) 14 April 1994, 18-19(2)
520 _aExamines the London Planning Advisory Committee strategic guidance on public transport in London.
650 _aInfrastructure
_96246
650 _aLONDON
650 _aLPAC
650 _aPARKING
650 _aPLANNING POLICY
650 _aPUBLIC TRANSPORT
650 _aSTRATEGIC PLANNING
650 _aTRAFFIC CONGESTION
650 _aTRAFFIC LEVELS
690 _aTRANSPORT AND COMMUNICATIONS
942 _n0
948 _c04/03/1997
999 _c48088
_d48088